000
00304nam a2200109Ia 4500
005
20251222114400.0
008
251222s1900||||xx |||||||||||||| ||spa||
082
_a
DVD0092/S25S/2006
245
0
_a
La Santísima Virgen de Cocharcas.
264
_b
Castillejo, Christian Salas Delgado, Raúl
942
_c
DVD
999
_c
1594
_d
1594